<?xml version="1.0" encoding="UTF-8"?><?xml-stylesheet type="text/xsl" href="static/style.xsl"?><OAI-PMH xmlns="http://www.openarchives.org/OAI/2.0/" xmlns:xsi="http://www.w3.org/2001/XMLSchema-instance" xsi:schemaLocation="http://www.openarchives.org/OAI/2.0/ http://www.openarchives.org/OAI/2.0/OAI-PMH.xsd"><responseDate>2026-05-17T00:19:02Z</responseDate><request verb="GetRecord" identifier="oai:repisalud.isciii.es:20.500.12105/27471" metadataPrefix="marc">https://repisalud.isciii.es/rest/oai/request</request><GetRecord><record><header><identifier>oai:repisalud.isciii.es:20.500.12105/27471</identifier><datestamp>2026-05-09T20:30:17Z</datestamp><setSpec>com_20.500.12105_11378</setSpec><setSpec>com_20.500.12105_2337</setSpec><setSpec>com_20.500.12105_2336</setSpec><setSpec>col_20.500.12105_13779</setSpec></header><metadata><record xmlns="http://www.loc.gov/MARC21/slim" xmlns:dcterms="http://purl.org/dc/terms/" xmlns:doc="http://www.lyncode.com/xoai" xmlns:xsi="http://www.w3.org/2001/XMLSchema-instance" xsi:schemaLocation="http://www.loc.gov/MARC21/slim http://www.loc.gov/standards/marcxml/schema/MARC21slim.xsd">
   <leader>00925njm 22002777a 4500</leader>
   <datafield ind2=" " ind1=" " tag="042">
      <subfield code="a">dc</subfield>
   </datafield>
   <datafield ind2=" " ind1=" " tag="720">
      <subfield code="a">Grupo de Trabajo de Igualdad. Instituto de Salud Carlos III.</subfield>
      <subfield code="e">author</subfield>
   </datafield>
   <datafield ind2=" " ind1=" " tag="260">
      <subfield code="c">2026-03</subfield>
   </datafield>
   <datafield ind2=" " ind1=" " tag="520">
      <subfield code="a">Con motivo del Día Internacional de la Mujer, el pasado 10 de marzo de 2026 se celebró un acto online organizado por el Grupo de Trabajo de Igualdad del Instituto de Salud Carlos III con el título de Desigualdades que duelen: trabajo, conciliación, jubilación y salud de las mujeres. Ponencias: "Salud y trabajo sin neutros universales: la necesidad de la perspectiva de sexo-género e interseccional" (Lucía Artazcoz, Observatorio de salud pública de la Agencia de Salud Pública, Barcelona); "La trampa de la conciliación: impacto en la salud mental y física en las mujeres" (Vanessa Zorrilla-Muñoz, Instituto de Bioingeniería, Universidad Miguel Hernández de Elche); "La jubilación de las mujeres: entre presiones familiares, trayectorias laborales y liquidez financiera" (María Dolores Puga González, CSIC). Intervenciones de Maria José Buitrago (subdirectora general de Terapia Celular y Medicina Regenerativa del Instituto de Salud Carlos III) y Belén Sanz Barbero (Escuela Nacional de Sanidad del Instituto de Salud Carlos III).</subfield>
   </datafield>
   <datafield ind1="8" ind2=" " tag="024">
      <subfield code="a">Grupo de Trabajo de Igualdad. Instituto de Salud Carlos III. Día Internacional de la Mujer - 2026: Desigualdades que duelen: trabajo, conciliación, jubilación y salud de las mujeres.</subfield>
   </datafield>
   <datafield ind1="8" ind2=" " tag="024">
      <subfield code="a">https://hdl.handle.net/20.500.12105/27471</subfield>
   </datafield>
   <datafield tag="653" ind2=" " ind1=" ">
      <subfield code="a">Día Internacional de la Mujer</subfield>
   </datafield>
   <datafield tag="653" ind2=" " ind1=" ">
      <subfield code="a">Igualdad</subfield>
   </datafield>
   <datafield tag="653" ind2=" " ind1=" ">
      <subfield code="a">Mujeres y salud</subfield>
   </datafield>
   <datafield tag="653" ind2=" " ind1=" ">
      <subfield code="a">Salud en el trabajo</subfield>
   </datafield>
   <datafield tag="653" ind2=" " ind1=" ">
      <subfield code="a">Conciliación</subfield>
   </datafield>
   <datafield tag="653" ind2=" " ind1=" ">
      <subfield code="a">Perspectiva de género</subfield>
   </datafield>
   <datafield ind2="0" ind1="0" tag="245">
      <subfield code="a">Día Internacional de la Mujer - 2026: Desigualdades que duelen: trabajo, conciliación, jubilación y salud de las mujeres.</subfield>
   </datafield>
</record></metadata></record></GetRecord></OAI-PMH>